Statistics for Minnesota High Schools (Based off of Basketball Classes)

Click here to take the quiz!

General Stats

  • This quiz has been taken 18 times
  • The average score is 148 of 402

Answer Stats

TeamTownNickname% Correct
St. Louis ParkName (6AAAA)Orioles
88%
WayzataPlymouth (6AAAA)Trojans
88%
Maple LakeName (6AA)Irish
81%
Mounds Park AcademySt. Paul (4AA)Panthers
81%
North HS-North St. PaulName (4AAAA)Polars
81%
South RidgeCulver (7A)Panthers
81%
Spring Lake ParkName (5AAAA)Panthers
81%
United South CentralWells (2A)Rebels
81%
Big LakeName (5AAA)Hornets
75%
Champlin ParkName (5AAAA)Rebels
75%
Chisago LakesLindstrom (5AAA)Wildcats
75%
Detroit LakesName (8AAA)Lakers
75%
EaganName (3AAAA)Wildcats
75%
Forest LakeName (7AAAA)Rangers
75%
Glencoe-Silver LakeName (2AA)Panthers
75%
Hill CityName (7A)Hornets
75%
Hill-MurrayMaplewood (4AAA)Pioneers
75%
Hills-Beaver CreekName (3A)Patriots
75%
Howard Lake-Waverly-WinstedName (5AA)Lakers
75%
Lake CityName (1AA)Tigers
75%
Lake Crystal Wellcome MemorialName (2AA)Knights
75%
Lake of the WoodsBaudette (8A)Bears
75%
Lake Park AudubonName (6A)Raiders
75%
Lakes International Language AcademyForest Lake (4AA)(No Name Listed)
75%
Maple GroveName (5AAAA)Crimson
75%
Maple RiverMapleton (2AA)Eagles
75%
Minneapolis NorthName (5AA)Polars
75%
Moose Lake/Willow RiverName (7AA)Rebels
75%
North BranchName (7AAA)Vikings
75%
Northeast RangeBabbitt (7A)Nighthawks
75%
NorthfieldName (1AAAA)Raiders
75%
NorthlandRemer (7A)Eagles
75%
North WoodsCook (7A)Grizzlies
75%
ParkCottage Grove (3AAAA)Wolfpack
75%
Park CenterBrooklyn Park (5AAAA)Pirates
75%
Park ChristianMoorhead (6A)Falcons
75%
Park RapidsName (8AA)Panthers
75%
Pequot LakesName (7AA)Patriots
75%
Prior LakeSavage (2AAAA)Lakers
75%
Red LakeName (8AA)Warriors
75%
Red Lake CountyOklee (8A)Rebels
75%
South Saint PaulName (3AAA)Packers
75%
White Bear LakeName (4AAAA)Bears
75%
AndoverName (7AAAA)Huskies
69%
AnokaName (7AAAA)Tornadoes
69%
Blooming PrairieName (1AA)Awesome Blossoms
69%
BuffaloName (8AAAA)Bison
69%
Buffalo Lake-Hector-StewartName (2A)Mustangs
69%
BurnsvilleName (3AAAA)Blaze
69%
ChanhassenName (2AAAA)Storm
69%
ChaskaName (2AAAA)Hawks
69%
Eden PrairieName (2AAAA)Eagles
69%
Eden Valley-WatkinsName (3AA)Eagles
69%
Elk RiverName (8AAAA)Elks
69%
Lakeville NorthName (1AAAA)Panthers
69%
Lakeville SouthName (1AAAA)Cougars
69%
Minneapolis SouthwestName (6AAAA)Lakers
69%
Minneapolis WashburnName (6AAAA)Millers
69%
Minnesota Valley LutheranNew Ulm (2AA)Chargers
69%
Mounds ViewArden Hills (5AAAA)Mustangs
69%
Mound WestonkaMinnetrista (6AAA)Whitehawks
69%
Rochester John MarshallName (1AAAA)Rockets
69%
StillwaterName (4AAAA)Ponies
69%
St. Michael-AlbertvilleName (8AAAA)Knights
69%
St. Paul Academy and Summit SchoolSt. Paul (4AA)Spartans
69%
St. Paul CentralName (4AAAA)Minutemen
69%
St. Paul Como ParkName (3AAA)Cougars
69%
St. Paul HardingName (3AAA)Knights
69%
St. Paul Highland ParkName (3AAA)Scots
69%
St. Paul Humboldt/Open World LearningName (4AA)Hawks
69%
St. Paul JohnsonName (4AAA)Governors
69%
St. Paul Washington Technology MagnetName (4AA)Eagles
69%
Twin Cities Academy/Great RiverSt. Paul (4AA)Tigers
69%
WoodburyName (4AAAA)Royals
69%
Apple ValleyName (3AAAA)Eagles
63%
Bloomington JeffersonName (3AAAA)Jaguars
63%
BreckGolden Valley (5AA)Mustangs
63%
Duluth DenfeldName (7AAA)Hunters
63%
EdinaName (2AAAA)Hornets
63%
FarmingtonName (1AAAA)Tigers
63%
HastingsName (3AAAA)Raiders
63%
Minneapolis EdisonMinneapolis (5AA)Tommies
63%
Minneapolis Patrick HenryName (4AAA)Patriots
63%
Minneapolis RooseveltMinneapolis (4AA)Teddies
63%
Minneapolis SouthName (6AAAA)Tigers
63%
Rochester CenturyName (1AAAA)Panthers
63%
Rochester LourdesRochester (1AA)Eagles
63%
Rochester MayoName (1AAAA)Spartans
63%
ShakopeeName (2AAAA)Sabers
63%
TartanOakdale (4AAAA)Titans
63%
Ada-Borup-WestName (8A)Cougars
56%
Atwater-Cosmos-Grove CityName (3AA)Falcons
56%
BlaineName (7AAAA)Bengals
56%
CentennialCircle Pines (7AAAA)Cougars
56%
Duluth EastName (7AAAA)Greyhounds
56%
EastviewApple Valley (3AAAA)Lightning
56%
HopkinsMinnetonka (6AAAA)Royals
56%
Mankato EastName (2AAA)Cougars
56%
Mankato LoyolaName (2A)Crusaders
56%
Mankato WestName (2AAA)Scarlets
56%
Marshall Country Central/Tri-County (Northern Freeze)Halma (8A)Freeze
56%
MinnetonkaName (2AAAA)Skippers
56%
MoorheadName (8AAAA)Spuds
56%
OronoLong Lake (6AAA)Spartans
56%
RogersName (8AAAA)Royals
56%
RosemountName (3AAAA)Irish
56%
Spring GroveName (1A)Lions
56%
St. Cloud TechName (8AAA)Tigers
56%
St. Thomas AcademyMendota Heights (3AAA)Cadets
56%
Albert LeaName (1AAA)Tigers
50%
AlexandriaName (8AAA)Cardinals
50%
AustinName (1AAA)Packers
50%
Bloomington KennedyName (6AAA)Eagles
50%
BrainerdName (8AAAA)Warriors
50%
Coon RapidsName (7AAAA)Cardinals
50%
Crosby-IrontonName (7AA)Rangers
50%
Duluth-MarshallDuluth (7AA)Hilltoppers
50%
MahtomediName (4AAA)Zephyrs
50%
MarshallName (2AAA)Tigers
50%
New Ulm CathedralName (2A)Greyhounds
50%
OsseoName (5AAAA)Orioles
50%
RosevilleName (5AAAA)Raiders
50%
St. Cloud ApolloName (8AAA)Eagles
50%
St. Cloud CathedralName (6AA)Crusaders
50%
Totino-GraceFridley (4AAA)Eagles
50%
Win-E-MacErskine (8A)Patriots
50%
WinonaName (1AAA)Winhawks
50%
BemidjiName (8AAAA)Lumberjacks
44%
Clearbrook-GonvickName (8A)Bears
44%
Fillmore CentralHarmony (1A)Falcons
44%
Grand RapidsName (7AAA)Thunderhawks
44%
International FallsName (7AA)Broncos
44%
Jackson County CentralName (3AA)Huskies
44%
Kittson County CentralHallock (8A)Bearcats
44%
New UlmName (2AAA)Eagles
44%
OwatonnaName (1AAAA)Huskies
44%
PrincetonName (5AAA)Tigers
44%
Red Rock CentralLamberton (3A)Falcons
44%
Rock RidgeVirginia (7AA)Wolverines
44%
RoseauName (8AA)Rams
44%
Sauk Rapids-RiceName (8AAA)Storm
44%
SimleyInner Grove Heights (3AAA)Spartans
44%
Southwest ChristianChaska (5AA)Stars
44%
Southwest Minnesota ChristianEdgerton (3A)Eagles
44%
Two HarborsName (7AA)Agates
44%
United Christian AcademyBloomington (4A)Thunder
44%
WaconiaName (2AAAA)Wildcats
44%
WarroadName (8AA)Warriors
44%
Academy of Holy AnglesRichfield (6AAA)Stars
38%
Benilde-St. Margaret'sSaint Louis Park (6AAA)Red Knights
38%
BensonName (6A)Braves
38%
BlakeMinneapolis (5AA)Bears
38%
Central Minnesota ChristianPrinsburg (3A)Bluejays
38%
Christ's Household of FaithSaint Paul (4A)Lions
38%
Cristo Rey JesuitMinneapolis (5AA)Pumas
38%
Dassel-CokatoName (5AA)Chargers
38%
EskoName (7AA)Formerly Eskomos
38%
FairmontName (3AA)Cardinals
38%
FaribaultName (1AAA)Falcons
38%
Fergus FallsName (8AA)Otters
38%
FridleyName (4AAA)Tigers
38%
Hillcrest Lutheran AcademyFergus Falls (6A)Comets
38%
HutchinsonName (6AAA)Tigers
38%
JordanName (2AAA)Hubmen/Jaguars
38%
Legacy Christian AcademyAndover (4A)Lions
38%
LitchfieldName (3AA)Dragons
38%
Little FallsName (8AAA)Flyers
38%
LuverneName (3AA)Cardinals
38%
Maranatha Christian AcademyBrooklyn Park (5AA)Mustangs
38%
MilacaName (6AA)Wolves
38%
MonticelloName (5AAA)Magic
38%
MoraName (6AA)Mustangs
38%
Morris Area/Chokio-AlbertaName (3AA)Tigers
38%
Murray County CentralSlayton (3A)Rebels
38%
PaynesvilleName (3AA)Bulldogs
38%
PerhamName (8AA)Yellowjackets
38%
Pine CityName (6AA)Dragons
38%
Pine IslandName (1AA)Panthers
38%
Red WingName (1AAA)Wingers
38%
Robbinsdale CooperNew Hope (6AAAA)Hawks
38%
SartellName (8AAAA)Sabres
38%
Stephen-Argyle CentralName (8A)Storm
38%
St. PeterName (2AAA)Saints
38%
Tri-City UnitedMontgomery (2AA)Titans
38%
Two RiversMendota Heights (3AAA)Warriors
38%
Wadena-Deer CreekName (8AA)Wolverines
38%
Waterville-Elysian-MorristownName (2AA)Buccaneers
38%
West CentralBarrett (3AA)Knights
38%
AlbanyName (6AA)Huskies
31%
AnnandaleName (6AA)Cardinals
31%
BeckerName (5AAA)Bulldogs
31%
Belgrade-Brooten-ElrosaName (6A)Jaguars
31%
B O L DOlivia (2A)Warriors
31%
Cambridge-IsantiName (7AAAA)Bluejackets
31%
CanbyName (3A)Lancers
31%
Central Public SchoolsNorwood Young America (2AA)Raiders
31%
CloquetName (7AAA)Lumberjacks
31%
Cook CountyGrand Marais (7A)Vikings
31%
Cretin-Derham HallSt. Paul (4AAAA)Raiders
31%
CrookstonName (8AA)Pirates
31%
Dawson-BoydName (3A)Blackjacks
31%
Eagle Ridge AcademyMinnetonka (4A)Gryphons
31%
East CentralFinlayson (5A)Eagles
31%
East Grand ForksName (8AA)Green Wave
31%
East RidgeWoodbury (4AAAA)Raptors
31%
ElyName (7A)Timberwolves
31%
FoleyName (6AA)Falcons
31%
Gibbon-Fairfax-WinthropName (2A)Thunderbirds
31%
HermantownName (7AAA)Hawks
31%
HibbingName (7AAA)Bluejackets
31%
IrondaleNew Brighton (5AAAA)Knights
31%
Kasson-MantorvilleName (1AAA)KoMets
31%
LakeviewCottonwood (3A)Lakers
31%
Long Prairie-Grey EagleName (5A)Thunder
31%
MACCRAYClara City(3A)Wolverines
31%
Martin County WestSherburn (2A)Mavericks
31%
MelroseName (6AA)Dutchmen
31%
New London-SpicerName (3AA)Wildcats
31%
New PragueName (2AAA)Trojans
31%
New York MillsName (6A)Eagles
31%
Pipestone AreaName (3AA)Arrows
31%
Providence AcademyPlymouth (5AA)Lions
31%
Redwood ValleyRedwood Falls (3AA)Cardinals
31%
Renville County WestRenville (3A)Jaguars
31%
RichfieldName (6AAA)Spartans
31%
Robbinsdale ArmstrongPlymouth (6AAAA)Falcons
31%
RocoriCold Spring (8AAA)Spartans
31%
Russell-Tyler-RuthtonName (3A)Knights
31%
Sauk CentreName (6AA)Mainstreeters
31%
Staples-MotleyName (7AA)Cardinals
31%
St. Croix Lutheran AcademyWest St. Paul (4AA)Crusaders
31%
StewartvilleName (1AAA)Tigers
31%
St. John's PrepCollegeville (5A)Johnnies
31%
Warren-Alvarado-OsloName (8A)Ponies
31%
Westbrook-Walnut GroveName (3A)Chargers
31%
WillmarName (8AAA)Cardinals
31%
WindomName (3AA)Eagles
31%
WorthingtonName (2AAA)Trojans
31%
Yellow Medicine EastGranite Falls (3A)The Sting
31%
ZimmermanName (5AAA)Thunder
31%
Adrian-EllsworthName (3A)Dragons
25%
AitkinName (7AA)Gobblers
25%
BarnesvilleName (8AA)Trojans
25%
Belle PlainName (2AA)Tigers
25%
BlackduckName (8A)Drakes
25%
Blue Earth AreaName (2AA)Buccaneers
25%
Border WestWheaton (6A)Buccaneers
25%
BreckenridgeName (6A)Cowboys
25%
Brooklyn CenterName (5AA)Centaurs
25%
CaledoniaName (1AA)Warriors
25%
DelanoName (6AAA)Tigers
25%
Dilworth-Glyndon-FeltonName (8AA)Rebels
25%
FrazeeName (8AA)Hornets
25%
Grand MeadowName (1A)Superlarks
25%
GreenwayName (7AA)Raiders
25%
Holy Family CatholicVictoria (5AA)Fire
25%
Hope AcademyMinneapolis (4A)Lions
25%
Mahnomen-WaubunName (8A)Thunderbirds
25%
Mayer LutheranName (2A)Crusaders
25%
MinneotaName (3A)Vikings
25%
MinnewaskaGlenwood (3AA)Lakers
25%
MontevideoName (3AA)Thunder Hawks
25%
Norman County East-Ulen-HitterdalName (6A)Titans
25%
OrtonvilleName (6A)Trojans
25%
Saint JamesName (3AA)Saints
25%
Sibley EastArlington (2AA)Wolverines
25%
Sleepy EyeName (2A)Indians
25%
Sleepy Eye St. Mary'sName (2A)Knights
25%
Thief River FallsName (8AA)Prowlers
25%
Tracy-Milroy-BalatonName (3A)Panthers
25%
Wabasha-KellogName (1A)Falcons
25%
WabassoName (3A)Rabbits
25%
Walker-Hackensack-AkeleyName (5A)Wolves
25%
WasecaName (2AA)Bluejays
25%
Watertown-MayerName (5AA)Royals
25%
AshbyName (6A)Arrows
19%
Bertha-HewittName (5A)Bears
19%
Bethlehem AcademyFaribault (1A)Cardinals
19%
BrowervilleName (5A)Tigers
19%
CarltonName (7A)Bulldogs
19%
Cass Lake-BenaName (8A)Panthers
19%
Cedar MountainMorgan (2A)Cougars
19%
CherryIron (7A)Tigers
19%
Columbia HeightsName (4AAA)Hylanders
19%
Community of Peace AcademySaint Paul (4A)Tigers
19%
Cotter/Hope LutheranWinona (1AA)Patriots/Ramblers
19%
DeLaSalleMinneapolis (3AAA)Islanders
19%
Dover-EyotaName (1AA)Eagles
19%
EdgertonName (3A)Flying Dutchmen
19%
GoodhueName (1A)Wildcats
19%
HawleyName (8AA)Nuggets
19%
HayfieldName (1A)Vikings
19%
Heritage Christian AcademyMaple Grove (4A)Eagles
19%
Hinckley-FinlaysonName (7AA)Jaguars
19%
HoustonName (1A)Hurricanes
19%
Kerkhoven-Murdock-SunburgName (6A)Fighting Saints
19%
LanesboroName (1A)Burros
19%
Lewiston-AlturaName (1AA)Cardinals
19%
Liberty Classical AcademyWhite Bear Lake (4A)Lions
19%
Lyle-PacelliName (1A)Athletics
19%
Math & Science AcademyWoodbury (4AA)Dragons
19%
Mille LacsName (5A)(No Name Listed)
19%
Minnehaha AcademyMinneapolis (4AA)Redhawks
19%
Mountain Iron-BuhlName (7A)Rangers
19%
Pelican RapidsName (8AA)Vikings
19%
ProctorName (7AA)Rails
19%
RandolphName (1A)Rockets
19%
RockfordName (5AA)Rockets
19%
RothsayName (6A)Tigers
19%
Rush CityName (6AA)Tigers
19%
SebekaName (5A)Trojans
19%
SpringfieldName (2A)Tigers
19%
St. Croix Preparatory AcademyStillwater (4AA)Lions
19%
St. FrancisName (5AAA)Fighting Saints
19%
Trinity at River Ridge-UnityEagan (4A)Tri Hawks
19%
Truman/Martin Luther/Granada Huntley East ChainName (2A)Jaguars
19%
West LutheranPlymouth (4A)Warriors
19%
Alden-CongerName (2A)Knights
13%
Avail AcademyFridley (4A)Valor
13%
BagleyName (8A)Flyers
13%
Battle LakeName (6A)Battlers
13%
Brandon-EvansvilleName (6A)Chargers
13%
ByronName (1AAA)Bears
13%
ClevelandName (2A)Clippers
13%
Concordia AcademyRoseville (4AA)Beacons
13%
Deer RiverName (7A)Warriors
13%
ExplorationMinneapolis (4A)(No Name Listed)
13%
Glenville-EmmonsName (1A)Wolverines
13%
Goodridge/Grygla-GatzgeName (8A)Chargers
13%
HancockName (6A)Owls
13%
HenningName (6A)Hornets
13%
Heron Lake-Okabena-FuldaName (3A)Coyotes
13%
Hiawatha CollegiateMinneapolis (5AA)Wolves
13%
Higher Ground AcademySt. Paul (4AA)(No Name Listed)
13%
Hmong College Prep AcademySt. Paul (4AA)Warriors
13%
Janesville-Waldorf-PembertonName (2A)Bulldogs
13%
Lac qui Parle ValleyMadison (3A)Eagles
13%
Lester PrairieName (2A)Bulldogs
13%
LeSueur-HendersonName (2AA)Giants
13%
Littlefork-Big FallsName (7A)Vikings
13%
MadeliaName (2A)Blackhawks
13%
MedfordName (2AA)Tigers
13%
Metro Schools College PrepMinneapolis (4A)Lions
13%
New Century AcademyHutchinson (2A)Spartans
13%
New Life AcademyWoodbury (4A)Eagles
13%
NicolletName (2A)Raiders
13%
North Lakes AcademyForest Lake (4A)Huskies
13%
OsakisName (6AA)Silverstreaks
13%
Parkers PrairieName (6A)Panthers
13%
Pine River-BackusName (5A)Tigers
13%
Plainview-Elgin-MillvilleName (1AA)Bulldogs
13%
Rushford-PetersonName (1A)Trojans
13%
SpectrumElk River (6AA)Sting
13%
St. Anthony VillageName (4AAA)Huskies
13%
St. CharlesName (1AA)Saints
13%
TritonDodge Center (1AA)Cobras
13%
UnderwoodName (6A)Rockets
13%
UpsalaName (5A)Cardinals
13%
Zumbrota-MazeppaName (1AA)Cougars
13%
Badger/Greenbush-Middle RiverName (8A)Gators
6%
BigforkName (7A)Huskies
6%
BrahamName (5A)Bombers
6%
Cannon FallsName (1AA)Bombers
6%
ChatfieldName (1AA)Gophers
6%
Climax-FisherName (8A)Knights
6%
FosstonName (8A)Greyhounds
6%
HoldingfordName (6AA)Huskers
6%
Kaleidoscope Charter SchoolOtsego (5A)Comets
6%
Kenyon-WanamingoName (1A)Knights
6%
KimballName (6AA)Cubs
6%
KingslandSpring Valley (1A)Knights
6%
LaporteName (5A)Wildcats
6%
LeRoy-OstranderName (1A)Cardinals
6%
Mabel-CantonName (1A)Cougars
6%
McGregorName (5A)Mercuries
6%
MenahgaName (8AA)Braves
6%
Mesabi EastAurora (7AA)Giants
6%
Mt. Lake Area-ComfreyName (2A)Wolverines
6%
NevisName (5A)Tigers
6%
Northome-KelliherName (8A)Mustangs
6%
OgilvieName (5A)Lions
6%
PACT Charter SchoolRamsey (4A)Panthers
6%
PierzName (7AA)Pioneers
6%
PillagerName (7AA)Huskies
6%
RoyaltonNames (6AA)Royals
6%
SouthlandAdams (1A)Rebels
6%
St. AgnesSt. Paul (4AA)Aggies
6%
St. ClairName (2AA)Cyclones
6%
SwanvilleName (5A)Bulldogs
6%
VerndaleName (5A)Pirates
6%
WrenshallName (7A)Wrens
6%
BarnumName (5A)Bombers
0%
ChisolmName (7A)Bluestreaks
0%
Cromwell-WrightName (5A)Cardinals
0%
Fertile-BeltramiName (8A)Falcons
0%
FloodwoodName (7A)Polar Bears
0%
Fond du Lac OjibweCloquet (7A)Ogichidaag
0%
La Crescent-HokahName (1AA)Lancers
0%
Nashwauk-KeewatinName (7A)Spartans
0%
New Richland-H-E-G-HSName (2AA)Panthers
0%
Sacred HeartEast Grand Forks (8A)Eagles
0%
Schaeffer AcademyRochester (1A)Lions
0%

Score Distribution

Percentile by Number Answered

Percent of People with Each Score

Your Score History

You have not taken this quiz